Compendio de fisiología / (Record no. 172006)

MARC details
000 -LEADER
campo de control de longitud fija 00687nam a22002055i 4500
001 - NÚMERO DE CONTROL
campo de control 172006
003 - IDENTIFICADOR DE NÚMERO DE CONTROL
campo de control ES-MaACL
005 - FECHA Y HORA DE LA ÚLTIMA TRANSACCIÓN
campo de control 20230906214805.0
008 - DATOS DE LONGITUD FIJA--INFORMACIÓN GENERAL
campo de control de longitud fija 090610s1953 sp |||| | spa d
080 ## - NÚMERO DE LA CLASIFICACIÓN DECIMAL UNIVERSAL
Número de la Clasificación Decimal Universal 612(075.8)
100 1# - ENTRADA PRINCIPAL--NOMBRE DE PERSONA
Nombre de persona Soula, L. C.
9 (RLIN) 140604
245 10 - MENCIÓN DEL TÍTULO
Título Compendio de fisiología /
Mención de responsabilidad, etc. por L. C. Soula ; traducción castellana revisada y anotada por J. Cervera-Pino ; prólogo de L. Cervera.
250 ## - MENCION DE EDICION
Mención de edición [1ª ed.].
260 ## - PUBLICACIÓN, DISTRIBUCIÓN, ETC.
Lugar de publicación, distribución, etc. Barcelona :
Nombre del editor, distribuidor, etc. Salvat,
Fecha de publicación, distribución, etc. 1953.
300 ## - DESCRIPCIÓN FÍSICA
Extensión XXIII, 898 p. :
Otras características físicas il. ;
Dimensiones 24 cm.
650 14 - PUNTO DE ACCESO ADICIONAL DE MATERIA--TÉRMINO DE MATERIA
Término de materia o nombre geográfico como elemento de entrada Fisiología.
9 (RLIN) 136120
700 1# - ENTRADA AGREGADA--NOMBRE PERSONAL
Nombre de persona Cervera-Pino, J.
9 (RLIN) 140606
700 1# - ENTRADA AGREGADA--NOMBRE PERSONAL
Nombre de persona Cervera y Astor, Leandro.
9 (RLIN) 140607
852 ## - LOCALIZACIÓN
Ubicación ES-MaACL
Número de control de estantería C-5742
itemnumber R.35027
Holdings
Estatus retirado Estado de pérdida Estado de daño No para préstamo Biblioteca de origen Biblioteca actual Ubicación en estantería Fecha de adquisición Fuente de adquisición Total de préstamos Signatura topográfica completa Código de barras Visto por última vez Precio de reemplazo Tipo de ítem Koha
        Biblioteca del Ateneo de Madrid Biblioteca del Ateneo de Madrid Sala Palomar 10/06/2009     C-5742 1180511 23/02/2023 23/02/2023 Libro impreso